| 000 | 01654nac a22004457a 4500 | ||
|---|---|---|---|
| 001 | BR8800937 | ||
| 003 | BR-BrBNA | ||
| 005 | 20240105120714.0 | ||
| 008 | 230509b bl.|||m| |||| 00| 0 por d | ||
| 040 |
_aBR-BrBNA _bpor _cBiblioteca Nacional de Agricultura |
||
| 072 | _aH10 | ||
| 090 | _a0336 BR8800937 | ||
| 110 | 1 |
_aCentro Nacional de Pesquisa de Soja, Londrina, PR (Brasil) _91793 |
|
| 245 | 1 | _aRecomendacoes para o programa de manejo de pragas de soja, safra 1987/88 na regiao central do Brasil (Parana, Mato Grosso do Sul, Mato Grosso, Rondonia, Goias, Distrito Federal, Bahia, Minas Gerais, Espirito Santo e Rio de Janeiro) | |
| 246 | 1 | _a[Reccomendations for the program of soybeans viruses control, harvest 1987/88 at the central region of Brazil (Parana, Mato Grosso do Sul, Mato Grosso, Rondonia, Goias, Distrito Federal, Bahia, Minas Gerais, Espirito Santo and Rio de Janeiro)] | |
| 260 | 3 |
_aLondrina, PR (Brasil): _c1987. |
|
| 300 | _a7 p. | ||
| 490 |
_aComunicado Tecnico - Centro Nacional de Pesquisa de Soja (Brazil) _vno. 39 _xISSN 0100-6606 |
||
| 500 | _a6 ref. | ||
| 650 | _aSOJA | ||
| 650 | _aLAGARTA | ||
| 650 | _aPERCEVEJO | ||
| 650 | _aFUNGO | ||
| 650 | _aVIRUS | ||
| 650 | _aCONTROLE BIOLOGICO | ||
| 650 | _aINSETICIDA | ||
| 650 | _aCONTROLE QUIMICO | ||
| 650 | _aPARANA | ||
| 650 | _aMATO GROSSO DO SUL | ||
| 650 | _aMATO GROSSO | ||
| 650 | _aRONDONIA | ||
| 650 | _aGOIAS | ||
| 650 | _aDISTRITO FEDERAL | ||
| 650 | _aBAHIA | ||
| 650 | _aMINAS GERAIS | ||
| 650 | _aESPIRITO SANTO | ||
| 650 | _aRIO DE JANEIRO | ||
| 909 |
_a202312 _bLúcia Elande _c55 _dLúcia Elande |
||
| 942 |
_2AGRIS _n0 _cMS |
||
| 999 |
_c280991 _d280991 |
||